| 000 | 00789ntm a22002057a 4500 | ||
|---|---|---|---|
| 005 | 20170809093548.0 | ||
| 008 | 170802s2011 xx a frb 000 0 eng d | ||
| 040 |
_aEG-ScBUE _beng _cEG-ScBUE |
||
| 082 | 0 | 4 |
_222 _a624 _bAHM |
| 100 | 1 | _aAhmedy, Youmna Abd El-Dayem. | |
| 245 | 1 | 4 |
_aThe evolution of airport cities : _bAn economic engine for growth and prosperity / _cYoumna Abd EL-Dayem Ahmedy. |
| 260 | _c2011. | ||
| 300 |
_a99 p. : _bill. (col.) ; _c28 cm. |
||
| 500 | _aA dissertation submitted to The Faculty Of Engineering, The British University In Egypt, in partial fulfillment of the requirements for the bachelor degree in civil engineering. | ||
| 590 | _aNour | ||
| 650 | 7 |
_2BUEsh _vProjects _acivil engineering |
|
| 653 |
_bENGCIV _cAugust2017 |
||
| 655 | _vSPRO | ||
| 942 | _2ddc | ||
| 999 |
_c25135 _d25107 |
||